LIBRARY & INFORMATION CENTRE, KCAET, TAVANUR

ONLINE PUBLIC ACCESS CATALOGUE (OPAC)

Francis Bacon selections / (Record no. 11573)

MARC details
000 -LEADER
fixed length control field 00403cam a2200157ua 4500
041 ## - LANGUAGE CODE
Language code of text/sound track or separate title eng
082 ## - DEWEY DECIMAL CLASSIFICATION NUMBER
Classification number 824
Item number MAC/FR
100 ## - MAIN ENTRY--AUTHOR NAME
Personal name Gardiner, S R .
245 ## - TITLE STATEMENT
Title Francis Bacon selections /
260 ## - PUBLICATION, DISTRIBUTION, ETC. (IMPRINT)
Place of publication London :
Name of publisher Oxford at the Clarendon Press ,
Year of publication 1958.
300 ## - PHYSICAL DESCRIPTION
Number of Pages 192 ; .
700 1# - ADDED ENTRY--PERSONAL NAME
Personal name Macaulay, .
942 ## - ADDED ENTRY ELEMENTS (KOHA)
Koha item type Books
Holdings
Withdrawn status Lost status Damaged status Home library Current library Date acquired Full call number Accession Number Koha item type
Withdrawn     KAUAET Sanskrit University 07/04/2012 824 5243 Books
free website counter